00391nam a22001457a 4500003000400000008004100004020001800045082001800063100001700081245004300098250001300141260006500154300001100219650001500230OSt250711b |||||||| |||| 00| 0 eng d a9788120320888 a150.15195 MAS aMANGAL, S.K. aStatistics in Psychology and Education a2nd. ed. aDelhi,bPrentice Hall India Learning Private Limited,c2023, a404 p. aPsychology